MADHAVA NIDANAM (Record no. 11285)

MARC details
000 -LEADER
fixed length control field 00295nam a22001337a 4500
003 - CONTROL NUMBER IDENTIFIER
control field SGT
082 ## - DEWEY DECIMAL CLASSIFICATION NUMBER
Classification number 615.53
Item number M16U
100 ## - MAIN ENTRY--PERSONAL NAME
Personal name UPADHYAYA, YADANANDANA, ED.
245 ## - TITLE STATEMENT
Title MADHAVA NIDANAM
260 ## - PUBLICATION, DISTRIBUTION, ETC. (IMPRINT)
Place of publication, distribution, etc VARANSI
Name of publisher, distributor, etc CHAUKHAMBHA PUB
Year of Publication 2016
300 ## - PAGE DESCRIPTION
No. of Pages 606
650 ## - SUBJECT ADDED ENTRY--TOPICAL TERM
Topical term or geographic name as entry element AYURVEDA
942 ## - ADDED ENTRY ELEMENTS (KOHA)
Source of classification or shelving scheme Dewey Decimal Classification
Koha item type Books
942 ## - ADDED ENTRY ELEMENTS (KOHA)
-- 3
Holdings
Withdrawn status Lost status Source of classification or shelving scheme Damaged status Not for loan Collection code Home library Current library Shelving location Date acquired Vendor Name Cost, normal purchase price Volume Information (Serial or Books or Non-Book Material) SGTU Bill Number Total Checkouts Full call number Accession No. (Barcode) Date last seen Date last borrowed Bill Date Koha item type
    Dewey Decimal Classification     AYURVEDA SGT FA-FP Library SGT FA-FP Library Text Book 23/03/2017 CHAUKHAMBHA PUB 225.00 2 SGTU CP/B/948 5 615.53 M16U FA5271 07/12/2020 05/12/2020 09/02/2017 Books
    Dewey Decimal Classification     AYURVEDA SGT FA-FP Library SGT FA-FP Library Text Book 23/03/2017 CHAUKHAMBHA PUB 225.00 2 SGTU CP/B/948   615.53 M16U FA5272 23/03/2017   09/02/2017 Books
    Dewey Decimal Classification     AYURVEDA SGT FA-FP Library SGT FA-FP Library Text Book 23/03/2017 CHAUKHAMBHA PUB 225.00 2 SGTU CP/B/948 1 615.53 M16U FA5273 25/10/2023 12/10/2023 09/02/2017 Books
    Dewey Decimal Classification     AYURVEDA SGT FA-FP Library SGT FA-FP Library Text Book 23/03/2017 CHAUKHAMBHA PUB 225.00 2 SGTU CP/B/948 8 615.53 M16U FA5274 16/09/2021 16/09/2021 09/02/2017 Books
    Dewey Decimal Classification     AYURVEDA SGT FA-FP Library SGT FA-FP Library Text Book 23/03/2017 CHAUKHAMBHA PUB 225.00 2 SGTU CP/B/948 9 615.53 M16U FA5275 23/12/2022 15/12/2022 09/02/2017 Books
    Dewey Decimal Classification     AYURVEDA SGT FA-FP Library SGT FA-FP Library Text Book 23/03/2017 CHAUKHAMBHA PUB 225.00 2 SGTU CP/B/948 1 615.53 M16U FA5276 16/05/2019 16/05/2019 09/02/2017 Books
    Dewey Decimal Classification     AYURVEDA SGT FA-FP Library SGT FA-FP Library Text Book 23/03/2017 CHAUKHAMBHA PUB 225.00 2 SGTU CP/B/948 3 615.53 M16U FA5277 16/07/2025 15/07/2025 09/02/2017 Books
    Dewey Decimal Classification     AYURVEDA SGT FA-FP Library SGT FA-FP Library Text Book 23/03/2017 CHAUKHAMBHA PUB 225.00 2 SGTU CP/B/948 2 615.53 M16U FA5278 06/07/2021 26/06/2021 09/02/2017 Books
    Dewey Decimal Classification     AYURVEDA SGT FA-FP Library SGT FA-FP Library Text Book 23/03/2017 CHAUKHAMBHA PUB 225.00 2 SGTU CP/B/948 1 615.53 M16U FA5279 29/09/2025 29/09/2025 09/02/2017 Books
    Dewey Decimal Classification     AYURVEDA SGT FA-FP Library SGT FA-FP Library Text Book 23/03/2017 CHAUKHAMBHA PUB 225.00 2 SGTU CP/B/948 1 615.53 M16U FA5280 13/08/2018 07/08/2018 09/02/2017 Books